00713nam a2200205Ia 4500003000900000008004100009040001600050080001500066100002100081245008500102260005000187300000900237650004100246650004700287650003700334650002500371942000700396999001300403952009100416IN-BaIIA211028s9999 xx 000 0 eng d cIIA Library a83.83bJAS aJaschek, C.9988 0aCatalogue of stellar spectra classified in the morgan keenan systemcC. Jaschek  aPlatabUniversidad Nacional De La Platac1964 a153p aAstronomy and Astrophysics Thesaurus aCatalogue-MK Spectral Classifications9989 aMK Spectral Classifications9990 aSteller Spectra9991 cBK c431d431 00104070aBANbKAVcGENd0000-00-00l0o083.83/ JASp429r2021-11-05w0000-00-00yBK